El Real Monasterio de Santa Isabel de Barcelona (Record no. 116527)

MARC details
000 -LEADER
campo de control de longitud fija 00530nam a2200157 4500
001 - NÚMERO DE CONTROL
campo de control 116527
003 - IDENTIFICADOR DE NÚMERO DE CONTROL
campo de control ES-MaACL
005 - FECHA Y HORA DE LA ÚLTIMA TRANSACCIÓN
campo de control 20230906190724.0
007 - CAMPO FIJO DE DESCRIPCIÓN FÍSICA--INFORMACIÓN GENERAL
campo de control de longitud fija t|
008 - DATOS DE LONGITUD FIJA--INFORMACIÓN GENERAL
campo de control de longitud fija 061121s1968 sp r ||||1| spa d
100 1# - ENTRADA PRINCIPAL--NOMBRE DE PERSONA
Nombre de persona Pauli Meléndez, Antonio.
9 (RLIN) 89654
245 13 - MENCIÓN DEL TÍTULO
Título El Real Monasterio de Santa Isabel de Barcelona
Resto del título : (1564-1964) /
Mención de responsabilidad, etc. Antonio Pauli Meléndez.
260 ## - PUBLICACIÓN, DISTRIBUCIÓN, ETC.
Lugar de publicación, distribución, etc. Barcelona :
Nombre del editor, distribuidor, etc. [s. n.],
Fecha de publicación, distribución, etc. 1968 (
Fabricante Tip. Monasterio de Santa María de Poblet)
300 ## - DESCRIPCIÓN FÍSICA
Extensión 70 p., 12 lám. ;
Dimensiones 21 cm.
852 ## - LOCALIZACIÓN
Ubicación ES-MaACL
Número de control de estantería C-35250
Sublocalización o colección R.68340
Holdings
Estatus retirado Estado de pérdida Estado de daño No para préstamo Biblioteca de origen Biblioteca actual Ubicación en estantería Fecha de adquisición Fuente de adquisición Total de préstamos Signatura topográfica completa Código de barras Visto por última vez Precio de reemplazo Tipo de ítem Koha
        Biblioteca del Ateneo de Madrid Biblioteca del Ateneo de Madrid Depósito 2 17/01/2008     C-35250 1121509 23/02/2023 23/02/2023 Libro impreso